История России IX–XVII веков, Учебно-методическое пособие
| Yazar: | |
|---|---|
| Diğer Yazarlar: | |
| Özet: | Книга находится в премиум-версии платформы «Русский как иностранный». В учебно-методическом пособии представлены материалы по дисциплине «Истории России с древнейших времен до конца XVII веков»: тематический план, источники и литература, темы практических занятий, рефератов, задания для самостоятельной работы, примерные вопросы к экзамену, методические рекомендации для подготовки к практическим занятиям. Пособие предназначено для студентов очного и заочного отделений исторического факультета АГПУ. Лицензия до 04.03.2027 |
| Baskı/Yayın Bilgisi: |
Армавир, Армавирский государственный педагогический университет, 2022
|
| Edisyon: | История России IX–XVII веков |
| Konular: | |
| Online Erişim: | Перейти к просмотру издания |
| Materyal Türü: | MixedMaterials Elektronik |
MARC
| LEADER | 00000 a2200000 4500 | ||
|---|---|---|---|
| 001 | RU/ROS-EDU.RU/119456 | ||
| 856 | 4 | |u https://www.ros-edu.ru/book?id=119456 |z Перейти к просмотру издания | |
| 010 | |a 978-5-89971-868-7 | ||
| 205 | |a История России IX–XVII веков |b 2027-03-04 | ||
| 333 | |a Лицензия до 04.03.2027 | ||
| 100 | |a 20220101d2022 |||y0rusy0250 |s 2027-03-04 | ||
| 105 | |a y z 000zy | ||
| 101 | 0 | |a rus | |
| 102 | |a RU | ||
| 200 | 1 | |a История России IX–XVII веков |b Электронный ресурс |e Учебно-методическое пособие |f С. Н. Малахов, А. С. Малахова | |
| 700 | 1 | |b С. Н. |a Малахов |4 070 | |
| 701 | 1 | |b А. С. |a Малахова |4 070 | |
| 330 | |a В учебно-методическом пособии представлены материалы по дисциплине «Истории России с древнейших времен до конца XVII веков»: тематический план, источники и литература, темы практических занятий, рефератов, задания для самостоятельной работы, примерные вопросы к экзамену, методические рекомендации для подготовки к практическим занятиям. Пособие предназначено для студентов очного и заочного отделений исторического факультета АГПУ. | ||
| 210 | |a Армавир |c Армавирский государственный педагогический университет |d 2022 | ||
| 610 | 1 | |a история России | |
| 610 | 1 | |a историческое развитие | |
| 610 | 1 | |a периоды | |
| 610 | 1 | |a государство | |
| 610 | 1 | |a тематический план | |
| 610 | 1 | |a задания | |
| 675 | |a 947 | ||
| 686 | |a 63.3 |2 rubbk | ||
| 300 | |a Книга находится в премиум-версии платформы «Русский как иностранный». | ||
| 215 | |a 92 с. | ||